Bütün Dünya'da Haberal (Record no. 8663)

MARC details
000 -BAŞLIK
Sabit Uzunlukta Kontrol Alanı 00873na a2200241 4500
001 - KONTROL NUMARASI
Denetim Alanı 19978
003 - KONTROL NUMARASI IDENTIFIER
Denetim Alanı MIRAKIL
005 - SON İŞLEM TARİHİ VE ZAMANI
Denetim Alanı 20181213155220.0
008 - SABİT-BOY VERİ ELEMANLARI - GENEL BİLGİLER
Sabit Uzunlukta Kontrol Alanı 161229b tu 000 0
035 ## - SİSTEM KONTROL NUMARASI
Sistem Kontrol Numarası 19978
040 ## - KATALOGLAMA KAYNAK
Orijinal Kataloglama Ajansı Milas
Kataloglama Dili tur
Metne Dönüştürmek Ajansı TR-AnCHP
041 ## - DİL KODU
Metin / Ses Parça Veya Ayrı Başlığın Dil Kodu tur
082 ## - DEWEY ONLU SINIFLANDIRMA NUMARASI
Sınıflandırma Numarası CHP 925.61
Ürün Numarası B97 2011
090 ## - SINIFLAMA NUMARASI
Sınıflama Numarası CHP 925.61 B97 2011
245 ## - BAŞLIK TABLOSU
Başlık Bütün Dünya'da Haberal
Başlığın Kalan Prof.Dr. Mehmet Haberal'ın bütün dünya dergisinde yayımlanan yazıları Türkiye'ye ve insanlığa hizmetleri
Sorumluluk Tablosu, Vb yayına hazırlayan Mete Akyol
246 ## - UNVAN FORM VARYING
Başlık Doğru / Kısa Başlığı Prof.Dr. Mehmet Haberal'ın bütün dünya dergisinde yayımlanan yazıları Türkiye'ye ve insanlığa hizmetleri
300 ## - FİZİKSEL TANIM
Kapsam 144 s.
Diğer Fiziksel Ayrıntıları fotg.
Boyutlar 20 sm.
610 ## - KONU KATMA GİRİŞ - TOPLANTI ADI
Giriş Elemanı Olarak Kurumsal Ad Veya Yargı Alanı Adı Haberal, Mehmet
650 ## - KONU KATMA GİRİŞ - TOPİKAL DÖNEM
Topikal Süreli Veya Coğrafi Ad Giriş Elemanı Siyaset ve yönetim
Genel Alt Bölümü Ergenekon
Coğrafi Alt Bölümü Türkiye
650 ## - KONU KATMA GİRİŞ - TOPİKAL DÖNEM
Topikal Süreli Veya Coğrafi Ad Giriş Elemanı Siyaset ve yönetim
Coğrafi Alt Bölümü Türkiye
700 ## - KATMA GİRİŞ - KİŞİSEL İSİM
Kişisel Ad Akyol, Mete
942 ## - EKLENDİ GİRİŞ ELEMANLARI (KOHA)
Sınıflandırma Veya Raf Düzeni Kaynak
Koha Öğesi Türü Books
999 ## - SİSTEM KONTROL NUMARALARI (KOHA)
Koha Biblionumber 8663
Koha Biblioitemnumber 8663
Holdings
Kalıcı Konum Mevcut Konum Edinme Tarihi Edinim Kaynak Toplam Check-Out'Lar Tam Çağrı Numarası Barkod Tarih Son Görülme İtibaren Geçerli Fiyatlar Koha Öğesi Türü
CHP Kütüphanesi CHP Kütüphanesi 12/29/2016 Bağış   CHP 925.61 B97 2011 010909 12/29/2016 12/29/2016 Books